000 00566nam a2200193Ia 4500
005 20250508154916.0
008 008 250505s9999 xx 000 0 hin d
037 _aTextual
040 _aFEDL
_beng
_cFEDL
041 _ahin
_2eng
084 _a150.1925, CAR
_qFEDL
100 _aCaruso Igor A
_9766372
245 0 _aExistential psychology: From analysis to synthesis
260 _aLondon, UK
_bDarton, Longman and Tood Ltd.
_c1964
300 _axx,227p.
650 _aPsychology
942 _cTEXL
_h150.1925, CAR
999 _c1352758
_d1352758